000 00731nam a2200253 a 4500
001 000044493
003 DO-SdBNP
005 20180327134152.0
007 000044493
008 140703s2010 dr a 000 0 spa d
020 _a9789945001754
040 _aBPMET
_bspa
_cBPMET
092 _axxxx
_bxxxx
100 1 _aPhipps, Miguel
245 1 3 _aEl perro que salvó al niño /
_cMiguel Phipps ; diseño e ilustración Ohanda Coste.
260 _aSanto Domingo :
_bCorripio,
_c2010.
300 _a20 p. :
_bil. ;
_c28 cm.
490 1 _aInfantil
_v3
700 1 2 _aCoste, Ohanda
_eil.
830 0 _aInfantil ;
_n3
942 _2ddc
_cBK
945 _aRemanejado para la BNPHU / 2018 VM
956 _aVMATEO
_b10
_c20150514
_lBPMSU
_h00151
999 _c7875
_d7875